| 000 | 00553 a2200217 4500 | ||
|---|---|---|---|
| 005 | 20260417141602.0 | ||
| 008 | 260316b |||||||| |||| 00| 0 eng d | ||
| 020 |
_a9789363637078 _cRs. 1995.00 |
||
| 040 | _aMAIN | ||
| 082 |
_a574.192 _bC361Z(6) |
||
| 100 | _aChandra, Harish | ||
| 245 | _aZubay's principles of biochemistry | ||
| 250 | _a6th | ||
| 260 |
_c2026 _aNew Delhi _bMedTeach Science Press |
||
| 300 | _axxv, 696 | ||
| 650 | _aBiochemistry | ||
| 650 | _aEnzymes | ||
| 651 | _aGenetics | ||
| 700 | _aPant, Hem Chandra | ||
| 942 | _cBK | ||
| 999 |
_c395220 _d395220 |
||